00752nam a2200217Ia 4500008004100000040001900041041001200060082002500072100002100097245006300118260005700181300002200238440003500260504005600295650001700351700002500368850001800393942000700411999001700418952009900435131103s9999 xx 000 0 und d aLoreto College aEnglish a842/SALbLCLIB/18194 aSalacrou, Armand aThree playscArmand Salacrou ; translated by Norman Stokle aU.S.A.bUniversity of Minnesota in Associationc1967 ax,216p. c 22 cm. aMinnesota drama editions; No.4 aThe world is round, when the music stops, Marguerte aFrench drama astokle, Norman ; tr. aLCLIB/842/SAL cBK c24207d74686 00104070aMAINbMAINd2013-11-04l0o842/SAL LCLIB/18194pB26904r2013-11-04w2013-11-04yBK